Central Library OPAC University of Rajshahi

Cryptography and network security : (Record no. 38325)

MARC details
000 -LEADER
fixed length control field 00915cam a2200289 a 4500
001 - CONTROL NUMBER
control field 38325
003 - CONTROL NUMBER IDENTIFIER
rucl marc code (BD-RjUL)
005 - DATE AND TIME OF LATEST TRANSACTION
control field 20211209052755.0
008 - FIXED-LENGTH DATA ELEMENTS--GENERAL INFORMATION
fixed length control field 021113s2003 njua b 001 0 eng
020 ## - INTERNATIONAL STANDARD BOOK NUMBER
International Standard Book Number 8178089025
International Standard Book Number 9788178089027
035 ## - SYSTEM CONTROL NUMBER
System control number (BD-RjUL)
040 ## - CATALOGING SOURCE
Original cataloging agency DLC
Transcribing agency (BD-RjUL)
Modifying agency DLC
082 00 - DEWEY DECIMAL CLASSIFICATION NUMBER
Classification number 005.8
Edition number 21
Author mark and year STC 2003
100 1# - MAIN ENTRY--PERSONAL NAME
Personal name Stallings, William.
9 (RLIN) 117755
245 10 - TITLE STATEMENT
Title Cryptography and network security :
Remainder of title principles and practice /
Statement of responsibility, etc. William Stallings.
250 ## - EDITION STATEMENT
Edition statement 3rd ed.
260 ## - PUBLICATION, DISTRIBUTION, ETC. (IMPRINT)
Place of publication, distribution, etc. India. :
Name of publisher, distributor, etc. Pearson education,
Date of publication, distribution, etc. c2003.
300 ## - PHYSICAL DESCRIPTION
Pagination x, 681 p. :
Illustrations ill. ;
Size 24 cm.
504 ## - BIBLIOGRAPHY, ETC. NOTE
Bibliography, etc Includes bibliographical references and index.
650 #0 - SUBJECT ADDED ENTRY--TOPICAL TERM
Topical term or geographic name as entry element Computer networks
General subdivision Security measures.
9 (RLIN) 118451
Topical term or geographic name as entry element Data encryption (Computer science)
9 (RLIN) 118452
Topical term or geographic name as entry element Coding theory.
9 (RLIN) 117474
Topical term or geographic name as entry element Computer security.
9 (RLIN) 118453
942 ## - ADDED ENTRY ELEMENTS (KOHA)
Source of classification or shelving scheme Dewey Decimal Classification
Koha item type Books
Holdings
Lost status Source of classification or shelving scheme Damaged status Not for loan Permanent Location Current Location Shelving location Date acquired Total Checkouts Full call number Date last seen Copy number Koha item type
  Dewey Decimal Classification   Not For Loan Department of Information and Communication Engineering (ICE) Library Department of Information and Communication Engineering (ICE) Library Seminar Library 04/11/2015   005.8 STC 2003 04/11/2015 C.1 Books